000 01581cam a2200325 a 4500
001 31674
005 20230410103618.0
008 030318s2002 sp b 100 0 spa
035 _a13228951
925 0 _aacquire
_b1 shelf copy
_xpolicy default
942 _2lcc
_cbk
010 _a2003456544
020 _a844752633X
035 _a(SpBaP)pu030000564
040 _aDLC
_cDLC
043 _anc-----
050 1 4 _a130 F 1436.7
_bC397 2002
245 0 0 _aCentroamérica :
_bperspectivas de futuro /
_cCentre Estudis Internacionals.
260 _aBarcelona :
_bPublicacions [de la] Universitat de Barcelona,
_cc2002.
300 _a216 p. ;
_c21 cm.
440 0 _aTribuna internacional ;
_v4
500 _aFour papers presented at a conference organized by the Centro de Estudios Internacionales in October, 2001.
504 _aIncludes bibliographical references.
505 0 _aVeinte años en la historia de América central, 1970-1990 / Tulio Halperin Donghi -- El nuevo regionalismo en Centroamérica, las dimensiones de paz y seguridad / Francisco Aldecoa Luzarraga -- Las instituciones del sistema de integración centroamericana y su futuro / Antonio Remiro Brotons -- La coherencia de políticas en los procesos de paz de El Salvador y Guatemala / Manuel Montobbio.
651 0 _aCentral America
_xForeign relations
_y1979-
_vCongresses.
650 0 _aRegionalism
_zCentral America
_vCongresses.
651 0 _aCentral America
_xEconomic intergration
_vCongresses.
710 2 _aCentro de Estudios Internacionales (Barcelona, Spain)
923 _d20030602
_n99575
_sSpBaP
999 _c22415
_d22415